000 00256nam a2200109Ia 4500
008 240625s9999 xx 000 0 und d
041 _aeng
082 _a332.6 JOE
100 _aJOEHNK MICHAEL D
245 _aPLANNING YOUR PERSONAL FINANCES
260 _c2012
999 _c38280
_d38280